000 00715nam a22001937a 4500
999 _c62617
_d62617
003 Ge_BSU
005 20241219103933.0
008 241219s1979 ge ||||| |||| 00| 0 geo d
041 _ageo
080 _a612.1/8 ს-56
100 _aსიხარულიძე, ა.
_918987
245 _aკერძო ფიზიოლოგია /
_cა. სიხარულიძე; რედ. ა. ბაჩიძე.
264 _aთბ. :
_bგანათლება,
_c1979.
300 _a291გვ. ;
_b21სმ.
653 _aკერძო ფიზიოლოგია
653 _aმედიცინა
700 _aბაჩიძე, ა
_eრედაქტორი
_92025
942 _2udc
_cBK